ELECTRIC NETWORKS FUNCTIONS FILTERS ANALYSIS (Record no. 585617)

000 -LEADER
fixed length control field 00356nam a22001217a 4500
082 ## - DEWEY DECIMAL CLASSIFICATION NUMBER
Classification number 621.3192 RUS'E
100 ## - MAIN ENTRY--PERSONAL NAME
Personal name RUSTON, HENRY,BORDOGNA, JOSEPH
9 (RLIN) 80725
245 ## - TITLE STATEMENT
Title ELECTRIC NETWORKS FUNCTIONS FILTERS ANALYSIS
260 ## - PUBLICATION, DISTRIBUTION, ETC.
Place of publication, distribution, etc. NEWYORK
Name of publisher, distributor, etc. MCGRAW HILL
Date of publication, distribution, etc. 1966
300 ## - PHYSICAL DESCRIPTION
Extent 552P
650 ## - SUBJECT ADDED ENTRY--TOPICAL TERM
Topical term or geographic name entry element ELECTRIC NETWORKS-FUNCTIONS NETWORKS-FUNCTIONS
9 (RLIN) 80726
942 ## - ADDED ENTRY ELEMENTS (KOHA)
Koha item type Book
Holdings
Withdrawn status Lost status Damaged status Not for loan Permanent Location Current Location Shelving location Date acquired Total Checkouts Full call number Barcode Date last seen Price effective from Koha item type
        College of Electrical & Mechanical Engineering (CEME) College of Electrical & Mechanical Engineering (CEME) General Stacks 07/10/2017   621.3192 RUS'E CEME-4807 06/28/2021 06/28/2021 Book
© 2023 Central Library, National University of Sciences and Technology. All Rights Reserved.